Responses for show #4675 - Friday, December 24, 2004

Aaron Thompson game 2.

Contestants

Catherine Ewen, a recent law school graduate from Berkeley, California

Paul Boyer, a bartender originally from Schenectady, New York

Aaron Thompson, an executive assistant from Washington, D.C. (whose 1-day cash winnings total $20,000)

Jeopardy! Round responses

SCHOOLHOUSE ROCK
THE PREAMBLE
A NOUN IS A PERSON, PLACE OR THING
THE FOUR-LEGGED ZOO
THREE IS A MAGIC NUMBER
UNPACK YOUR ADJECTIVES
    $200 25
2

Aaron
    $200 10
a more perfect union

Catherine
    $200 1
a fork

Catherine
    $200 20
Clydesdales

Aaron
    $200 3
Macbeth

Aaron
    $200 14
vain

Aaron
    $400 26
(Aaron: What is "Interjection"?)

"Interjections!"

AaronPaul
    $400 11
justice

Aaron
    $400 2
(Robert) Bork

Paul
    $400 21
a fox

Catherine
    $400 4
basketball

Aaron
    $400 15
rough

Aaron
    $600 27
a verb

Paul
    $600 12
tranquility

Catherine
    $600 7
Cork

Catherine
    $1,400 22
a tortoise

Catherine
    $600 5
(Paul: What is Home Improvement?)
(Aaron: What is My Three Sons?)

Three's Company

AaronPaulCatherine
    $600 16
stout

Triple Stumper
    $800 28
"I'm Just A Bill"

Triple Stumper
    $800 13
(Catherine: What is democracy?)

liberty

Catherine
Triple Stumper
    $800 8
an orc

Aaron
    $800 23
a yak

Aaron
    $800 6
(Aaron: What are 33, 45 & 78?)

78, 45 & 33 1/3

Aaron
Triple Stumper
    $800 17
(Aaron: What is flat?)

obtuse

AaronCatherine
    $1000 29
"Conjunction Junction"

Paul
    $1000 30
ordain

Triple Stumper
    $1000 9
York

Catherine
    $1000 24
the iguana

Paul
    $1000 19
quarks

Aaron
    $1000 18
naked

Paul

Scores at the first commercial break (after clue 15):

Aaron Paul Catherine
$1,000 -$200 $2,400

Scores at the end of the Jeopardy! Round:

Aaron Paul Catherine
$2,000 $3,800 $5,000

Double Jeopardy! Round responses

NEW NAME
TEAMS THAT DON'T END IN S
SHORT STORY WRITERS
HOT DRINKS
YOU'RE IN FOR A BATTLE
JEOPORTMANTEAU!
(Alex: I'd like to give you an example of what might be considered the type of clue you would see in that. Shakespeare character and Jesus' birthplace. And you would say, "Who is" or "What is Macbethlehem?")
    $400 6
Iran

Paul
    $400 1
the Chicago White Sox

Catherine
    $400 16
Washington Irving

Aaron
    $400 21
(Alex: Now, if you could think of the movie [*] House Rules, you'd have come up with [*].)

cider

Triple Stumper
    $400 11
Constantinople

Aaron
    $400 26
(Aaron: What is elephantasm? [originally ruled incorrect])

elephantom

AaronPaul
    $800 7
Thailand

Paul
    $800 2
Jazz

Aaron
    $800 17
Edgar Allan Poe

Aaron
    $800 22
Irish coffee

Catherine
    $800 12
the Battle of Britain

Aaron
    $800 27
quarterbackpack

Aaron
    $1200 8
Sri Lanka

Aaron
    $1200 3
the Fighting Irish

Aaron
    $1200 18
O. Henry

Catherine
    $1200 23
a hot toddy

Aaron
    $1200 13
the Battle of Midway

Aaron
    $1200 28
flowerewolf

Triple Stumper
    $1600 9
China

Aaron
    $2,500 4
the Colorado Avalanche

Aaron
    $2,000 19
Jack London

Catherine
    $1600 24
a Tom and Jerry

Aaron
    $1600 14
the Somme

Aaron
    $1600 29
bartenderizer

Aaron
    $2000 10
Ethiopia

Aaron
    $2000 5
the Green Wave

Aaron
    $2000 20
(Aaron: Who is Melville?)

Nathaniel Hawthorne

Aaron
Triple Stumper
    $2000 25
mulled wine

Aaron
    $2000 15
Agincourt

Paul
    $2000 30
crocodilemma

Catherine

Scores at the end of the Double Jeopardy! Round:

Aaron Paul Catherine
$24,100 $7,400 $11,400
(lock game)

[wagering suggestions for these scores]

Final Jeopardy! Round responses

PSYCHOLOGY
(Aaron: It's a little messy, sorry.)
(Alex: You kind of got a little shaky there thinking about the [*] Syndrome. You are not our captive... go home, try to get off the caffeine, relax, and we'll see you again on Monday.)
PaulWhat is Stockholm?
$7,000
CatherineWhat is Helsinki?
$11,399
AaronWhat is Stockholm [letters written very jittery]
$1,000
Stockholm

Final scores:

Aaron Paul Catherine
$25,100 $14,400 $1
2-day champion: $45,100 2nd place: $2,000 3rd place: $1,000

Game dynamics:

Coryat scores:

Aaron Paul Catherine
$23,200 $7,400 $10,200
29 R
(including 1 DD),
5 W
10 R,
1 W
14 R
(including 2 DDs),
1 W

Combined Coryat: $40,800

The J! Archive is created by fans, for fans. The Jeopardy! game show and all elements thereof, including but not limited to copyright and trademark thereto, are the property of Jeopardy Productions, Inc. and are protected under law. This website is not affiliated with, sponsored by, or operated by Jeopardy Productions, Inc. Join the discussion at JBoard.tv.